| 000 | 00677nam a2200217Ia 4500 | ||
|---|---|---|---|
| 003 | GCL | ||
| 008 | 140319s9999 xx 000 0 ara d | ||
| 040 |
_aGCL / _cGCL |
||
| 082 | 0 | 4 |
_a324.271 _bم ا |
| 100 | 1 | _aمحمد سليم العوا | |
| 245 | 1 | 0 |
_aالازمة السياسية والدستورية فى مصر 1987_ 1990 / _cمحمد سليم العوا |
| 260 |
_a[S.N] : _bالزهراء للاعلام العربى ، _c1991 |
||
| 300 | _a220 ص | ||
| 490 | _a | ||
| 650 | 0 | 4 | _aمصر |
| 650 | 0 | 4 | _aالاحوال السياسية |
| 650 | 0 | 4 | _aالانتخابات |
| 650 | 0 | 4 | _aتزوير |
| 650 | 0 | 4 | _aقانون الانتخابات |
| 942 |
_2ddc _cBK |
||
| 999 |
_c32264 _d32264 |
||